000 01000nam a2200301Ia 4500
001 H3148
003 IT-RoPAU
008 130308s9999 xx 000 0 und d
040 _aIT-RoPAU
040 _cIT-RoPAU
041 _aITALIANO
100 _aCaprettini Gianpaolo
100 _gCodice Aut. SPICS: 11221
245 _aViaggio agli inferi del testo . La poesia, il cinema, l'altrove
245 _bForme della Testualità. Teoria, Modelli, storia e Prospettive
250 _a1a ed.
260 _aTORINO
260 _bTesto & Immagine
260 _c2001 [1° Ed.:2001 - Ed.Ling.Originale:2001]
300 _a"10 p. (prefazione: no ; testo: 10 [pagine: 101-110])"
500 _aIl Mondo dei Problemi, Cioe' della Comprensione. Il visivo Come Materia, Il visivo Come Senso Implicito. Il Senso Letterario. Gli Orfici e Il Destinovisivo della Parola.
650 _aSEMIOLOGIA
650 _eCodice materia Spics: 3251
942 _cBK
957 _71
999 _c41420
_d41420
999 _bSI
999 _g1